|
|
|
|
| LEADER |
00000nas a2200000 4500 |
| 001 |
vtls012141016 |
| 003 |
SK-MaSNL |
| 005 |
20260305121040.0 |
| 008 |
220627c20209999 r p 0 b0slo |
| 022 |
|
|
|a 2644-7150
|
| 040 |
|
|
|a SNK
|b slo
|c SNK
|e rda
|
| 041 |
0 |
|
|a slo
|
| 044 |
|
|
|a xo
|c SK
|
| 210 |
0 |
|
|a Hlohovský ž.
|
| 222 |
|
0 |
|a Hlohovský žurnál
|
| 245 |
0 |
0 |
|a Hlohovský žurnál
|b noviny pre všetkých Hlohovčanov
|
| 264 |
|
1 |
|a Hlohovec
|b Občianske združenie Hlohovský žurnál
|c 2020-
|
| 300 |
|
|
|c 30 cm
|
| 310 |
|
|
|a Nepravidelne (občasník)
|
| 336 |
|
|
|a text
|b txt
|2 rdacontent
|
| 337 |
|
|
|a bez média
|b n
|2 rdamedia
|
| 338 |
|
|
|a zväzok
|b nc
|2 rdacarrier
|
| 500 |
|
|
|a EV 5915/20
|
| 999 |
|
|
|c 3361321
|d 3363251
|